LEADER 01643nam0 22003491i 450 001 UON00504653 005 20250213013944.131 010 $a978-90-272-0507-0 100 $a20210118f2020 |0itac50 ba 101 $aeng 102 $aNL 105 $a|||| 1|||| 200 1 $aHow metaphors guide, teach and popularize science$fedited by Anke Beger and Thomas H. Smith 210 $aAmsterdam$aPhiladelphia$cJ. Benjamins Publishing Company$dc2020 215 $a?VI, 332 p.$d25 cm 410 1$1001UON00503141$12001 $aFigurative Thought and Language$1210 $aAmsterdam$aPhiladelphia$cJ. Benjamins Publishing Company$vVol. 6 606 $aMetafora$3UONC023794$2FI 606 $aScienze$xLinguaggio$3UONC097651$2FI 606 $aScienze naturali$3UONC043049$2FI 620 $aUS$dPhiladelphia$3UONL000152 620 $aNL$dAmsterdam$3UONL001817 676 $a501.4$cScienze naturali e matematica. Linguaggio e comunicazione$v21 702 1$aBeger$bAnke$3UONV284604 702 1$aSmith$bThomas H.$3UONV284605 712 $aJohn Benjamins Publishing Company$3UONV256739$4650 801 $aIT$bSOL$c20250620$gRICA 899 $aSIBA - SISTEMA BIBLIOTECARIO DI ATENEO$2UONSI 912 $aUON00504653 950 $aSIBA - SISTEMA BIBLIOTECARIO DI ATENEO$dSI 9 065 $eSI 36395 5 065 951 $aSIBA - SISTEMA BIBLIOTECARIO DI ATENEO$bSI2021474 1J 20210118 996 $aHow metaphors guide, teach and popularize science$91766278 997 $aUNIOR